| 000 | 00773nam a2200217Ia 4500 | ||
|---|---|---|---|
| 005 | 20211110120238.0 | ||
| 008 | 130821s2000 xxu gr eng | ||
| 020 | _a205284922 | ||
| 040 |
_aCo-BoUCM _bspa _cLuz Cupitra (modificó) _dLuz Cupitra (modificó) |
||
| 041 | 0 | 0 | _aeng |
| 100 |
_aWiersma, William _974290 |
||
| 245 | 0 | 0 |
_aResearch methods in education an introduction _cWilliam Wiersma |
| 250 | _a7a.ed. | ||
| 260 |
_aBoston (Massachusetts, Estados Unidos) _bAllyn and Bacon _c2000 |
||
| 300 |
_a476 páginas _e1 diskette |
||
| 650 | 0 | 4 |
_aEducación _xInvestigaciones _913894 |
| 650 | 0 | 4 |
_aEducación _xMetodología _939405 |
| 650 | 0 | 4 |
_aTeoría de la educación _925273 |
| 942 |
_a1 _e7 _kR _mW648r _cLIBRO _2DEWEY _h370.7 |
||
| 999 |
_c33056 _d33056 |
||